Prospects of Nano-biofertilizer in horticultural crops of Fabaceae (Record no. 107531)

000 -LEADER
fixed length control field 00401pab a2200145 454500
008 - FIXED-LENGTH DATA ELEMENTS--GENERAL INFORMATION
fixed length control field 180718b2013 xxu||||| |||| 00| 0 eng d
100 ## - MAIN ENTRY--PERSONAL NAME
Personal name Shukla, Shashi Kant et al
245 ## - TITLE STATEMENT
Title Prospects of Nano-biofertilizer in horticultural crops of Fabaceae
260 ## - PUBLICATION, DISTRIBUTION, ETC.
Date of publication, distribution, etc. 2013
300 ## - PHYSICAL DESCRIPTION
Extent p.45-50.
362 ## - DATES OF PUBLICATION AND/OR SEQUENTIAL DESIGNATION
Dates of publication and/or sequential designation Dec
650 ## - SUBJECT ADDED ENTRY--TOPICAL TERM
Topical term or geographic name entry element Horticulture
773 ## - HOST ITEM ENTRY
Main entry heading Agricultural Situation in India
909 ## -
-- 107536
Holdings
Withdrawn status Lost status Damaged status Not for loan Permanent Location Current Location Date acquired Serial Enumeration / chronology Barcode Date last seen Price effective from Koha item type
        Indian Institute of Public Administration Indian Institute of Public Administration 2018-07-19 Volume no: 70, Issue no: 9 AR107996 2018-07-19 2018-07-19 Articles

Powered by Koha